Карповские чтения (Запись № 13649606)

Подробности
000 -МАРКЕР
контрольное поле 02653nam0a2200409 4500
001 - ИДЕНТИФИКАТОР ЗАПИСИ
контрольное поле RU\NLR\BIBL_A\022632072
005 - ИДЕНТИФИКАТОР ВЕРСИИ
контрольное поле 20260402170319.0
010 ## - МЕЖДУНАРОДНЫЙ СТАНДАРТНЫЙ НОМЕР КНИГИ (ISBN)
Номер (ISBN) 978-5-6051819-4-1
Тираж 300
021 ## - НОМЕР ГОСУДАРСТВЕННОЙ РЕГИСТРАЦИИ
Код страны Российская Федерация
Номер КН-П-25-047010
Номер Листа государственной регистраци КН-П-25-4563
035 ## - ДРУГИЕ СИСТЕМНЫЕ НОМЕРА
Идентификатор записи (NLR Aleph) 022632072
100 ## - ДАННЫЕ ОБЩЕЙ ОБРАБОТКИ
Данные общей обработки 20250926d2024 k y0rusy50 ca
101 0# - ЯЗЫК РЕСУРСА
Язык текста, звукозаписи и т.д. русский
102 ## - СТРАНА ПУБЛИКАЦИИ ИЛИ ПРОИЗВОДСТВА
Страна публикации Российская Федерация
105 ## - ПОЛЕ КОДИРОВАННЫХ ДАННЫХ: ТЕКСТОВЫЕ МАТЕРИАЛЫ, МОНОГРАФИЧЕСКИЕ
Кодированные данные о монографическом текстовом документе ach z 100yy
181 #0 - ПОЛЕ КОДИРОВАННЫХ ДАННЫХ: ВИД СОДЕРЖАНИЯ
Код вида содержания (ISBD) i3
Код характеристики содержания (ISBD) axxe
182 #0 - ПОЛЕ КОДИРОВАННЫХ ДАННЫХ: ТИП СРЕДСТВА
Код типа средства (ISBD) n - непосредственное
200 1# - ЗАГЛАВИЕ И СВЕДЕНИЯ ОБ ОТВЕТСТВЕННОСТИ
Основное заглавие Карповские чтения
Сведения, относящиеся к заглавию сборник статей участников XI Всероссийской научно-практической конференции, 17–18 октября 2024 г., г. Арзамас
Первые сведения об ответственности Администрация городского округа город Арзамас, Московский государственный университет имени М. В. Ломоносова, Факультет политологии Институт международных отношений и мировой истории ННГУ им. Н.И. Лобачевского АНО «Центр развития "Родная земля"»
Последующие сведения об ответственности редакционная коллегия: Ю. А. Курдин, кандидат филологических наук, доцент (отв. редактор) [и др.]
203 ## - ВИД СОДЕРЖАНИЯ И ТИП СРЕДСТВА
Вид содержания Текст
Дополнительные сведения об издании визуальный
Тип средства непосредственный
210 ## - ПУБЛИКАЦИЯ, РАСПРОСТРАНЕНИЕ И ДР.
Место издания, распространения и т.д. Саров
Имя издателя, распространителя и т. д. Интерконтакт
Дата издания, распространения и т.д. 2024
215 ## - ФИЗИЧЕСКАЯ ХАРАКТЕРИСТИКА
Специфическое обозначение материала и объем 459 с., [16] л. ил., цв. ил., портр., факс.
Размеры 21
300 ## - ОБЩИЕ ПРИМЕЧАНИЯ
Текст примечания На обл.: 11
320 ## - ПРИМЕЧАНИЯ О НАЛИЧИИ В ДОКУМЕНТЕ БИБЛИОГРАФИИ / УКАЗАТЕЛЯ
Текст примечания Библиогр. в конце ст. и в подстроч. примеч.
600 #1 - ИМЯ ЛИЦА КАК ПРЕДМЕТ
Начальный элемент ввода Карпов
Часть имени, кроме начального элемента ввода А. В.
Даты 1857 - 1885
Расширение инициалов личного имени Андрей Васильевич
Формальный подзаголовок Съезды, совещания и т.п
Системный номер авторитетной/нормативной записи 2627136
Идентификатор авторитетной/нормативной записи RU\NLR\AUTH\661563696
606 1# - НАИМЕНОВАНИЕ ТЕМЫ КАК ПРЕДМЕТ
Наименование темы Русская филология
Формальный подзаголовок Съезды, совещания и т.п
Системный номер авторитетной/нормативной записи 1533718
Идентификатор авторитетной/нормативной записи RU\NLR\AUTH\66969420
607 ## - ГЕОГРАФИЧЕСКОЕ НАИМЕНОВАНИЕ КАК ПРЕДМЕТ
Географическое наименование Россия
Формальный подзаголовок Съезды, совещания и т.п
Тематический подзаголовок Историко-этнографические исследования
Системный номер авторитетной/нормативной записи 2446509
Идентификатор авторитетной/нормативной записи RU\NLR\AUTH\6601672680
686 1# - ИНДЕКСЫ ДРУГИХ КЛАССИФИКАЦИЙ
Индекс Ш041.2я434
686 1# - ИНДЕКСЫ ДРУГИХ КЛАССИФИКАЦИЙ
Индекс Ш2г(2)1дКарпов
686 1# - ИНДЕКСЫ ДРУГИХ КЛАССИФИКАЦИЙ
Индекс Т3(2)я431
686 1# - ИНДЕКСЫ ДРУГИХ КЛАССИФИКАЦИЙ
Индекс Т52(2)я431
702 #1 - ИМЯ ЛИЦА - ВТОРИЧНАЯ ОТВЕТСТВЕННОСТЬ
Код отношения Редактор
Графика поля Кириллица
Материалы, к которым относится поле rus
Начальный элемент ввода Курдин
Часть имени, кроме начального элемента ввода Ю. А.
Даты 1956-
Расширение инициалов личного имени Юрий Александрович
Системный номер авторитетной/нормативной записи 94204
Идентификатор авторитетной/нормативной записи RU\NLR\AUTH\77111279
710 12 - НАИМЕНОВАНИЕ ОРГАНИЗАЦИИ - ПЕРВИЧНАЯ ОТВЕТСТВЕННОСТЬ
Начальный элемент ввода Карповские чтения
Порядковый номер временной организации и / или порядковый номер ее части 11
Место проведения временной организации Арзамас
Дата проведения временной организации 2024
Системный номер авторитетной/нормативной записи 2679622
Идентификатор авторитетной/нормативной записи RU\NLR\AUTH\880631937
942 ## - ДОПОЛНИТЕЛЬНЫЕ ЭЛЕМЕНТЫ ЗАПИСИ (АБИС)
Тип экземпляра АБИС Книга
980 ## - КОЛЛЕКЦИЯ
Название коллекции Национальная библиография

Нет доступных экземпляров.